000 00899nam a2200205Ia 4500
003 GCL
008 140319s9999 xx 000 0 ara d
040 _aGCL /
_cGCL
082 0 4 _aق
_b962.43
_bع م
100 1 _aعمر طوسون
245 1 0 _aمذكرتان للمرحومين: امير اللواء محمد باشا لبيب الشاهد امير الالاى احمد بك رفعت:عن اعمال الجيش المصرى فى السودان والخروج منه /
_cعمر طوسون
300 _a143 ص
490 _aالهيئة العامة للاستعلامات
_v0
650 0 4 _aالتاريخ
650 0 4 _aالحكم المصرى البريطانى
650 0 4 _aالسودان - تاريخ - العصر الحديث
650 0 4 _aمصر - تاريخ - العصر الحديث (1805 - 1956 )
650 0 4 _aالسودان - تاريخ - الاستقلال
942 _2ddc
_cBK
999 _c50482
_d50482